Normal view
MARC view
Entry Personal Name
001 - CONTROL NUMBER
- control field: 42439
003 - CONTROL NUMBER IDENTIFIER
- control field: ARRUPE
005 - DATE AND TIME OF LATEST TRANSACTION
- control field: 20180920154143.0
008 - FIXED-LENGTH DATA ELEMENTS
- fixed length control field: 180920|| aca||aabn | a|a d
040 ## - CATALOGING SOURCE
- Original cataloging agency: ARRUPE
- Transcribing agency: ARRUPE
100 ## - HEADING--PERSONAL NAME
- Personal name: Institute for Theological Encounter with Science and Technology.
670 ## - SOURCE DATA FOUND
- Source citation: Work cat.: (ARRUPE)0: Institute for Theological Encounter with Science and Technology., Advances in neuroscience :, c2003.